• 首页
  • 本馆介绍
  • 公告通知
  • 最新文献
  • 馆藏检索
  • 电子资源
  • 读者导购
  • 参考咨询
  • 我的图书馆
  • 登录
  • 详细信息显示
  • 放入我的书架
  • 预约/预借图书
  • 作者相关作品
  • 分类相关作品
  • 丛书相关作品
  • 出版社相关作品

书目信息

  • 表格格式
  • 工作单格式
  • 卡片格式
题名:
马克思主义与中华文化研究
    
 
作者: 朱喆 主编
分册: 2020年第1期/总第3期  
出版信息: 北京   社会科学文献出版社  2020
页数: 139页
开本: 24cm
丛书名:
单 册:
中图分类: D61 , G12
科图分类:
主题词: 马克思主义--ma ke si zhu yi--发展--研究--中国 , 中华文化--zhong hua wen hua--研究
电子资源:
ISBN: 978-7-5201-7495-4
000 01071nam0 2200277 450
001 2159259411
005 20210926145337.0
010    @a978-7-5201-7495-4@dCNY69.00
100    @a20210309d2020 em y0chiy0120 ea
101 0  @achi@ceng
102    @aCN@b110000
105    @ay z 000yy
106    @ar
200 1  @a马克思主义与中华文化研究@Ama ke si zhu yi yu zhong hua wen hua yan jiu@h2020年第1期/总第3期@dMarxism and the study of Chinese culture@h2020, Vol.3@f朱喆主编@zeng
210    @a北京@c社会科学文献出版社@d2020
215    @a139页@d24cm
300    @a武汉理工大学马克思主义学院主办
330    @a本书包括了特稿、马克思主义化理论研究、马克思主义与中国传统文化研究、中华优秀传统文化研究、新时代新青年论坛五个方面的内容。
510 1  @aMarxism and the study of Chinese culture@h2020, Vol.3@zeng
606 0  @a马克思主义@Ama ke si zhu yi@x发展@x研究@y中国
606 0  @a中华文化@Azhong hua wen hua@x研究
690    @aD61@v5
690    @aG12@v5
701  0 @a朱喆@Azhu zhe@f(1965.6-)@4主编
801  0 @aCN@b百万庄@c20210926
905    @b1299456-59@dD61@e288@f4
    
    马克思主义与中华文化研究.2020年第1期/总第3期=Marxism and the study of Chinese culture.2020, Vol.3/朱喆主编.-北京:社会科学文献出版社,2020
    139页;24cm
    武汉理工大学马克思主义学院主办
    
    ISBN 978-7-5201-7495-4:CNY69.00
    本书包括了特稿、马克思主义化理论研究、马克思主义与中国传统文化研究、中华优秀传统文化研究、新时代新青年论坛五个方面的内容。
●
相关链接 在E读中查询图书 在五车中查询图书 在当当中查询图书 在豆瓣中查询图书


正题名:马克思主义与中华文化研究     索取号:D61/288         预约/预借

序号 登录号 条形码 馆藏地/架位号 状态 备注
1 1299456   212994562   第一样本阅览室/ [索取号:D61/288] 在馆    
2 1299457   212994571   第一借阅区/ [索取号:D61/288] 在馆    
3 1299458   212994580   第一借阅区/ [索取号:D61/288] 在馆    
4 1299459   212994599   第一借阅区/ [索取号:D61/288] 在馆    
唐山师范学院图书馆 欢迎您!
大连网信软件有限公司© 版权所有